[Event "Bolzano op 19th"]
[Site "Bolzano"]
[Date "2024.02.03"]
[Round "3"]
[White "Seresin, Francesco"]
[Black "Lami, Damiano"]
[Result "1-0"]
[WhiteElo "2331"]
[BlackElo "2154"]
[PlyCount "121"]
[EventDate "2024.02.02"]
[EventType "swiss"]
[EventRounds "5"]
[EventCountry "ITA"]
[SourceTitle "CB07_2024"]
[SourceDate "2024.02.14"]
[SourceVersion "1"]
[SourceVersionDate "2024.02.14"]
[SourceQuality "1"]

1. d4 d5 2. c4 e6 3. Nc3 Nf6 4. Bg5 Be7 5. e3 h6 6. Bh4 0-0 7. Nf3 b6 8. cxd5 exd5 9. Be2 Bb7 10. 0-0 Ne4 11. Bxe7 Qxe7 12. Qb3 c6 13. Nxe4 dxe4 14. Ne5 Kh7 15. Qc3 f6 16. Nc4 Nd7 17. b4 f5 18. a3 Rac8 19. Rac1 c5 20. dxc5 bxc5 21. b5 Nb6 22. Rfd1 f4 23. Qe5 Qxe5 24. Nxe5 fxe3 25. fxe3 Nd5 26. Nc4 Rcd8 27. Na5 Ba8 28. Nc6 Bxc6 29. bxc6 Nc7 30. Rxd8 Rxd8 31. Rxc5 Rd2 32. Bg4 Kg8 33. Re5 Rc2 34. Bd7 Rc3 35. Rxe4 Rxa3 36. Rb4 Rxe3 37. Rb7 Nd5 38. c7 Nxc7 39. Rxc7 a5 40. Ra7 Re5 41. Ba4 h5 42. Bb3+ Kh7 43. Bc2+ Kh6 44. Ra6+ Kg5 45. g3 Kg4 46. Rg6+ Kf3 47. Bd1+ Ke3 48. Rxg7 Kd2 49. Rd7+ Kc3 50. Kf2 Rf5+ 51. Kg2 Rc5 52. Rh7 Rd5 53. Rxh5 Rxd1 54. Rxa5 Kd4 55. Rf5 Ke4 56. Rf4+ Ke5 57. h4 Rd8 58. Kf3 Rh8 59. Kg4 Rg8+ 60. Kh3 Rh8 61. Rf1 1-0

[Event "NATO-ch 33rd"]
[Site "Portoroz"]
[Date "2023.09.06"]
[Round "4"]
[White "Sauer, Marko"]
[Black "Lami, Damiano"]
[Result "1/2-1/2"]
[WhiteElo "2014"]
[BlackElo "2128"]
[PlyCount "78"]
[EventDate "2023.09.04"]
[EventType "swiss"]
[EventRounds "7"]
[EventCountry "SLO"]
[SourceTitle "EXT 2024"]
[Source "ChessBase"]
[SourceDate "2023.10.10"]
[SourceVersion "1"]
[SourceVersionDate "2023.10.10"]
[SourceQuality "1"]

1. e4 e5 2. Nf3 Nf6 3. d4 Nxe4 4. Bd3 d5 5. Nxe5 Nd7 6. Nxd7 Bxd7 7. Qe2 Qh4 8. g3 Qe7 9. f3 Nd6 10. Qxe7+ Bxe7 11. Nc3 c6 12. Bf4 g5 13. Bd2 0-0-0 14. 0-0-0 Bf6 15. Ne2 Rde8 16. g4 h5 17. h3 Nc4 18. Bxc4 dxc4 19. Ng3 hxg4 20. hxg4 Rxh1 21. Rxh1 Bxd4 22. Ne4 Be5 23. Bxg5 f5 24. Nf6 Bxf6 25. Bxf6 fxg4 26. fxg4 Bxg4 27. Rh8 Kd7 28. Rxe8 Kxe8 29. Kd2 Kf7 30. Bd4 b6 31. Kc3 Be2 32. a4 Ke6 33. Bf2 Kd5 34. a5 c5 35. axb6 axb6 36. Kd2 Bg4 37. c3 b5 38. Bh4 b4 39. Be7 b3 1/2-1/2

[Event "Anti Cheating Blitz Cup"]
[Site "Chess.com INT"]
[Date "2020.05.20"]
[Round "10"]
[White "Flores Quillas, Diego Saul Rodrigo"]
[Black "Lami, Damiano"]
[Result "0-1"]
[WhiteElo "2245"]
[BlackElo "2004"]
[PlyCount "132"]
[EventDate "2020.05.20"]
[EventType "swiss (blitz)"]
[EventRounds "11"]
[EventCountry "USA"]
[SourceTitle "CBM 196 Extra"]
[Source "ChessBase"]
[SourceDate "2020.07.31"]
[SourceVersion "1"]
[SourceVersionDate "2020.07.31"]
[SourceQuality "1"]

1. e4 d5 2. exd5 Qxd5 3. Nc3 Qa5 4. Bc4 c6 5. d3 Bf5 6. Bd2 e6 7. Qe2 Nf6 8. h3 Bb4 9. a3 Nbd7 10. 0-0-0 Bxc3 11. Bxc3 Qc7 12. Kb1 0-0-0 13. g4 Bg6 14. h4 h5 15. g5 Ne8 16. Nf3 Nd6 17. Ba2 Rhg8 18. Ne5 Nxe5 19. Bxe5 Qd7 20. f4 Nf5 21. Qf2 b6 22. Rhe1 Kb7 23. Rd2 Nd4 24. Qg2 Nf5 25. Qh1 Ng3 26. Qh2 Nf5 27. Qf2 Nd4 28. Re3 Nf5 29. Rh3 Nd4 30. Kc1 f6 31. gxf6 gxf6 32. Bxf6 e5 33. Rh1 Rdf8 34. Bxg8 Rxf6 35. Rf1 Rxf4 36. Qg2 Qg4 37. Qxg4 Rxf1+ 38. Qd1 Rxd1+ 39. Kxd1 Bf5 40. Rf2 Bg4+ 41. Kd2 Nf3+ 42. Ke3 Nxh4 43. Ke4 Ng6 44. Bf7 Ne7 45. Kxe5 Kc7 46. Be6 Ng6+ 47. Kf6 Bxe6 48. Kxe6 c5 49. Kf5 Ne7+ 50. Kg5 Nd5 51. Kxh5 Kd6 52. Kg5 Ke5 53. Re2+ Kd6 54. Kf5 Ne7+ 55. Ke4 Nd5 56. Rh2 Nf6+ 57. Ke3 Ng4+ 58. Kd2 Nxh2 59. Kc3 Nf3 60. Kc4 Nd4 61. c3 Nc2 62. Kb5 Kc7 63. b4 Nxa3+ 64. Ka6 cxb4 65. cxb4 Kb8 66. d4 Nc2 0-1

[Event "Anti Cheating Blitz Cup"]
[Site "Chess.com INT"]
[Date "2020.05.20"]
[Round "5"]
[White "Lami, Damiano"]
[Black "Carbone, Stefano"]
[Result "1-0"]
[WhiteElo "2004"]
[BlackElo "2091"]
[PlyCount "43"]
[EventDate "2020.05.20"]
[EventType "swiss (blitz)"]
[EventRounds "11"]
[EventCountry "USA"]
[SourceTitle "CBM 196 Extra"]
[Source "ChessBase"]
[SourceDate "2020.07.31"]
[SourceVersion "1"]
[SourceVersionDate "2020.07.31"]
[SourceQuality "1"]

1. e4 d5 2. exd5 Qxd5 3. Nc3 Qd6 4. Bc4 Nf6 5. Nf3 a6 6. d4 e6 7. a3 b5 8. Ba2 Bb7 9. 0-0 Be7 10. Bg5 0-0 11. Re1 h6 12. Bh4 Nbd7 13. Bg3 Qb6 14. d5 Nc5 15. b4 Na4 16. Nxa4 bxa4 17. dxe6 Rad8 18. exf7+ Kh8 19. Rxe7 Rxd1+ 20. Rxd1 c5 21. Rd6 Qb5 22. c4 1-0

[Event "Anti Cheating Blitz Cup"]
[Site "Chess.com INT"]
[Date "2020.05.20"]
[Round "6"]
[White "Lami, Damiano"]
[Black "Pozzi, Paolo"]
[Result "1-0"]
[WhiteElo "2004"]
[BlackElo "1742"]
[PlyCount "93"]
[EventDate "2020.05.20"]
[EventType "swiss (blitz)"]
[EventRounds "11"]
[EventCountry "USA"]
[SourceTitle "CBM 196 Extra"]
[Source "ChessBase"]
[SourceDate "2020.07.31"]
[SourceVersion "1"]
[SourceVersionDate "2020.07.31"]
[SourceQuality "1"]

1. e4 e5 2. Nf3 Nc6 3. Bb5 Nf6 4. 0-0 Nxe4 5. d4 Nd6 6. dxe5 Nxb5 7. a4 Nbd4 8. Nxd4 Nxd4 9. Qxd4 Be7 10. Qg4 Kf8 11. Qh5 d5 12. exd6 Qxd6 13. Rd1 Qg6 14. Qxg6 hxg6 15. Bf4 c6 16. Nc3 Bf5 17. a5 Bxc2 18. Rd7 Rd8 19. Rxb7 f6 20. Rxa7 g5 21. Bg3 f5 22. Be5 Kf7 23. Re1 Rhe8 24. Bxg7 Kxg7 25. Raxe7+ Rxe7 26. Rxe7+ Kf6 27. Re2 Bb3 28. f3 Ra8 29. Rd2 Rxa5 30. Rd6+ Ke5 31. Rxc6 Ra1+ 32. Kf2 g4 33. Rc5+ Kf6 34. fxg4 fxg4 35. Kg3 Be6 36. Ne4+ Ke7 37. Nf2 Rb1 38. Rb5 Kd6 39. Nxg4 Bxg4 40. Kxg4 Kc6 41. Rb3 Kc5 42. h4 Kc4 43. Rb8 Rd1 44. b4 Rd4+ 45. Kh3 Rd3+ 46. g3 Rd5 47. b5 1-0

[Event "Anti Cheating Blitz Cup"]
[Site "Chess.com INT"]
[Date "2020.05.20"]
[Round "3"]
[White "Loiacono, Leonardo"]
[Black "Lami, Damiano"]
[Result "1-0"]
[WhiteElo "2299"]
[BlackElo "2004"]
[PlyCount "97"]
[EventDate "2020.05.20"]
[EventType "swiss (blitz)"]
[EventRounds "11"]
[EventCountry "USA"]
[SourceTitle "CBM 196 Extra"]
[Source "ChessBase"]
[SourceDate "2020.07.31"]
[SourceVersion "1"]
[SourceVersionDate "2020.07.31"]
[SourceQuality "1"]

1. d4 Nf6 2. c4 e6 3. Nc3 d5 4. Nf3 c6 5. e3 Nbd7 6. Qc2 Bd6 7. g4 h6 8. Rg1 Qc7 9. h4 Ne4 10. Nxe4 dxe4 11. Qxe4 Bb4+ 12. Bd2 Bxd2+ 13. Nxd2 Nf6 14. Qe5 Qxe5 15. dxe5 Nd7 16. f4 Ke7 17. Ne4 b6 18. 0-0-0 Ba6 19. Be2 Rab8 20. Rd6 Bb7 21. Rgd1 Rhd8 22. R6d2 Ba6 23. Kb1 c5 24. b3 Bb7 25. Nc3 Nf8 26. Rd6 Rxd6 27. exd6+ Kd8 28. h5 Nd7 29. e4 Nf6 30. e5 Ne4 31. Nxe4 Bxe4+ 32. Kb2 Kd7 33. Rg1 Rh8 34. Kc3 g6 35. hxg6 fxg6 36. Bd3 Bxd3 37. Kxd3 Rf8 38. Ke3 g5 39. fxg5 hxg5 40. Rh1 Rf4 41. Rh7+ Kd8 42. Rxa7 Rxg4 43. Re7 Rg3+ 44. Kf2 Rh3 45. Rxe6 Rh2+ 46. Kg3 Rxa2 47. Rg6 Rb2 48. e6 Rxb3+ 49. Kg4 1-0

[Event "ITA-ch semiblitz"]
[Site "Chianciano Terme"]
[Date "2018.04.02"]
[Round "5"]
[White "Vocaturo, Daniele"]
[Black "Lami, Damiano"]
[Result "1-0"]
[WhiteElo "2620"]
[BlackElo "1965"]
[PlyCount "103"]
[EventDate "2018.04.02"]
[EventType "swiss (rapid)"]
[EventRounds "9"]
[EventCountry "ITA"]
[SourceTitle "CBM 183 Extra"]
[Source "ChessBase"]
[SourceDate "2018.04.19"]
[SourceVersion "1"]
[SourceVersionDate "2018.04.19"]
[SourceQuality "1"]

1. e4 Nf6 2. d3 d5 3. Nd2 dxe4 4. dxe4 e5 5. Ngf3 Nc6 6. Bb5 Bd6 7. 0-0 0-0 8. c3 a6 9. Bxc6 bxc6 10. Qc2 a5 11. Rd1 Ba6 12. Nb3 a4 13. Nc5 Qb8 14. Nxa6 Rxa6 15. Nh4 g6 16. Nf3 c5 17. Qe2 Qb7 18. Nd2 Raa8 19. f3 Rfd8 20. Nc4 Qa6 21. Kf1 Re8 22. Bg5 Nd7 23. Rd2 Nb6 24. Nxd6 Qxe2+ 25. Kxe2 cxd6 26. Rxd6 Nc4 27. Rd5 Rab8 28. Bc1 Rec8 29. h4 Nxb2 30. Rxe5 c4 31. Ra5 Nd3 32. Ba3 Nf4+ 33. Kf2 Nd3+ 34. Ke3 Ra8 35. Rxa8 Rxa8 36. Rb1 Rd8 37. Be7 Rc8 38. Bf6 Kf8 39. g4 Ke8 40. Rb7 Ra8 41. Re7+ Kf8 42. Rc7 a3 43. Kd2 Rb8 44. Rxc4 Nb2 45. Rd4 Ke8 46. Kc2 Rc8 47. Kb3 Ra8 48. e5 Rc8 49. f4 h5 50. gxh5 gxh5 51. f5 Ra8 52. e6 1-0

[Event "Rome Accademia Autumn"]
[Site "Rome"]
[Date "2010.10.10"]
[Round "5"]
[White "Condemi de Felice, Alfonso"]
[Black "Lami, Damiano"]
[Result "1-0"]
[WhiteElo "1907"]
[BlackElo "1652"]
[PlyCount "59"]
[EventDate "2010.10.08"]
[EventType "swiss"]
[EventRounds "5"]
[EventCountry "ITA"]
[SourceTitle "EXT 2024"]
[Source "ChessBase"]
[SourceDate "2023.10.10"]
[SourceVersion "1"]
[SourceVersionDate "2023.10.10"]
[SourceQuality "1"]

1. d4 d5 2. Nf3 Nf6 3. e3 Bf5 4. Bd3 Bg6 5. 0-0 e6 6. Re1 Bd6 7. Qe2 Nbd7 8. Nbd2 Qe7 9. e4 dxe4 10. Nxe4 Nxe4 11. Bxe4 c6 12. c4 Bxe4 13. Qxe4 Nf6 14. Qc2 0-0 15. a3 b5 16. Bg5 h6 17. Bxf6 gxf6 18. Rad1 Rac8 19. Qd2 Kh7 20. Qd3+ Kh8 21. cxb5 cxb5 22. Qxb5 Rb8 23. Qh5 Kh7 24. b4 Rfc8 25. d5 e5 26. Nh4 Qe8 27. Nf5 Bf8 28. Re3 Bg7 29. Rg3 Bf8 30. Qg4 1-0

[Event "Rome Accademia Autumn"]
[Site "Rome"]
[Date "2010.10.10"]
[Round "4"]
[White "Lami, Damiano"]
[Black "Carnicelli, Valerio"]
[Result "1/2-1/2"]
[WhiteElo "1652"]
[BlackElo "1880"]
[PlyCount "42"]
[EventDate "2010.10.08"]
[EventType "swiss"]
[EventRounds "5"]
[EventCountry "ITA"]
[SourceTitle "EXT 2024"]
[Source "ChessBase"]
[SourceDate "2023.10.10"]
[SourceVersion "1"]
[SourceVersionDate "2023.10.10"]
[SourceQuality "1"]

1. e4 e5 2. Nf3 Nc6 3. Bb5 a6 4. Bxc6 dxc6 5. 0-0 f6 6. d4 Bg4 7. dxe5 Qxd1 8. Rxd1 fxe5 9. Bg5 Bxf3 10. gxf3 Be7 11. f4 h6 12. Bxe7 Nxe7 13. f5 Nc8 14. f3 Nd6 15. b3 0-0-0 16. Nc3 Nb5 17. Nxb5 axb5 18. Kf2 c5 19. Ke2 c6 20. Rxd8+ Rxd8 21. Rd1 Rf8 1/2-1/2

[Event "Rome La Lupa op"]
[Site "Rome"]
[Date "2010.05.27"]
[Round "4"]
[White "Castellano, Lorenzo"]
[Black "Lami, Damiano"]
[Result "1-0"]
[WhiteElo "1869"]
[BlackElo "1494"]
[PlyCount "73"]
[EventDate "2010.05.09"]
[EventType "swiss"]
[EventRounds "7"]
[EventCountry "ITA"]
[SourceTitle "EXT 2024"]
[Source "ChessBase"]
[SourceDate "2023.10.10"]
[SourceVersion "1"]
[SourceVersionDate "2023.10.10"]
[SourceQuality "1"]

1. e4 e5 2. Nf3 Nc6 3. d4 exd4 4. Nxd4 Bc5 5. Be3 Qf6 6. c3 d6 7. Be2 Nge7 8. 0-0 a6 9. Nxc6 Nxc6 10. Bxc5 dxc5 11. f4 0-0 12. Na3 Rd8 13. Qe1 Ne7 14. Nc4 Ng6 15. Qf2 b5 16. e5 Qe7 17. Bf3 Rb8 18. Na5 Bd7 19. Rad1 Rb6 20. Nb7 Rxb7 21. Bxb7 c6 22. Qd2 Rb8 23. Qxd7 Rxb7 24. Qxe7 Rxe7 25. Rd8+ Nf8 26. Rfd1 f6 27. exf6 gxf6 28. Rc8 Kf7 29. Rxc6 Re6 30. Rxc5 Ke8 31. Kf2 Nd7 32. Rc8+ Ke7 33. Rc7 Rd6 34. Rxd6 Kxd6 35. Ra7 Nc5 36. Ke3 f5 37. Rxh7 1-0